|
|
|
|
| LEADER |
00000nab a2200000 a 4500 |
| 001 |
vtls000728491 |
| 003 |
SK-MaSNL |
| 005 |
20260304105844.0 |
| 008 |
250429c2000 xo 0 slo |
| 015 |
|
|
|a SNBRB2000/08-22350
|
| 035 |
|
|
|a CLN000080639
|
| 035 |
|
|
|a urn:nbn:sk:snk-ab2wtg
|
| 035 |
|
|
|a (urnnbn)urn:nbn:sk:snk:ar-a031ql
|
| 035 |
|
|
|a (uuid)49217e5c-e3c9-4ba2-b5ce-d7176599bca6
|
| 040 |
|
|
|a SNKBUCL
|b slo
|c SNKBUCL
|e AACR2
|
| 041 |
0 |
|
|a slo
|
| 044 |
|
|
|a xo
|c SK
|
| 080 |
|
|
|a 37.014:061.2(437.6)
|2 1997
|
| 100 |
1 |
|
|a Pokorný, Vladimír
|4 aut
|9 5145
|
| 245 |
1 |
0 |
|a Ústav informácií a prognóz školstva
|c Vladimír Pokorný
|
| 610 |
2 |
7 |
|a Ústav informácií a prognóz školstva
|2 snkbucl
|9 232450
|
| 655 |
|
7 |
|a články z novín a časopisov
|2 snkbucl
|9 267496
|
| 773 |
0 |
|
|t Mládež a spoločnosť
|g Roč. 6, č. 2, (2000), s. 55-57
|x 1335-1109
|
| 850 |
|
|
|a Slovenská národná knižnica
|
| 852 |
|
|
|a Slovenská národná knižnica
|
| 954 |
|
|
|a odborná, vedecká literatúra pôvodná (slovenská)
|2 lita
|
| 958 |
|
|
|a article27
|
| 958 |
|
|
|a SK
|
| 958 |
|
|
|a OND
|
| 958 |
|
|
|a EUIPO
|
| 992 |
|
|
|a RBX
|
| 999 |
|
|
|c 2857410
|d 2859340
|